00471nam a2200169Ia 450000500170000000800410001704000180005804100080007608200210008410000220010524500440012725000120017126000420018330000240022565000250024965000270027420241211133749.0210716s1959 xx 000 0 und d cAIMIT LIBRARY aeng a808.83 21bGOLW aGolding, William. aLord of the flies /cBy William Golding a1st ed. aNew York :bG P Putnams Sons ;c1959. a192p. ;bPBc18 cm. aFire on the mountain aShadows and tall trees